00925 a2200193 4500003000500000005001700005010001700022020001500039040000900054082001400063100002300077245007400100250001200174260004600186300003200232505041800264650002400682700002500706Nust20221124121936.0 a 2002043781 a0321133048 cNust00a519.4,GER1 aGerald, Curtis F.,10aApplied numerical analysis / cCurtis F. Gerald, Patrick O. Wheatley. a7th ed. aBoston :bPearson/Addison-Wesley,cc2004. ax, 609 p. :bill. ;c25 cm. a Preliminaries. (Page- 1), Solving Nonlinear Equations. (Page-32), Solving Sets of Equations. (Page-76), Interpolation and Curve Fitting (Page-147), Approximation of Functions (Page-220), Numerical Differentiation and Integration (Page-256), Numerical Solution of Ordinary Differential Equations (Page-329), Optimization. (Page-405), Partial Differential Equations (Page-461), Finite Element Analysis (Page-517). 0aNumerical analysis.1 aWheatley, Patrick O.